[Event "Al Mahmud Memorial Probashi Chess-ch 202"]
[Site "Dhaka"]
[Date "2022.02.13"]
[Round "9.6"]
[White "Md., Sharif Hossain"]
[Black "Ahmed, Sheikh Nasir"]
[Result "1-0"]
[WhiteElo "2211"]
[BlackElo "2168"]
[Annotator "NA"]
[PlyCount "77"]
[EventDate "2022.02.06"]
[EventCountry "BAN"]
[SourceTitle "playchess.com"]
[Source "ChessBase"]
[SourceQuality "1"]
[TimeControl "5400+30"]

1. e4 {[%emt 0:02:01]} c5 {[%emt 0:00:15]} 2. Nf3 {[%emt 0:00:02]} e6 {[%emt 0:00:09]} 3. d4 {[%emt 0:00:04]} cxd4 {[%emt 0:00:06]} 4. Nxd4 {[%emt 0:00:03]} Nc6 {[%emt 0:00:11]} 5. Nc3 {[%emt 0:00:06]} Qc7 {[%emt 0:00:08]} 6. f4 {[%emt 0:02:43]} d6 {[%emt 0:07:00]} 7. Be3 {[%emt 0:02:48]} Nf6 {[%emt 0:00:30]} 8. Qf3 {[%emt 0:06:12]} a6 {[%emt 0:00:42]} 9. Bd3 {[%emt 0:03:33]} Rb8 $16 {[%emt 0:15:42]} (9... Be7 $14) 10. O-O {[%emt 0:04:01]} Nb4 {[%emt 0:29:51]} 11. Qg3 {[%emt 0:16:16]} g6 {[%emt 0:20:28]} 12. Rac1 {[%emt 0:07:33]} Bg7 {[%emt 0:01:48]} 13. a3 {[%emt 0:01:41]} Nc6 {[%emt 0:00:49]} 14. e5 {[%emt 0:12:11]} Nxd4 {[%emt 0:05:35]} 15. Bxd4 {[%emt 0:00:49]} Nd7 {[%emt 0:00:02]} 16. Ne4 {[%emt 0:04:10]} dxe5 {[%emt 0:00:03]} 17. fxe5 {[%emt 0:00:42]} O-O {[%emt 0:02:49]} 18. Kh1 {[%emt 0:05:06]} b5 {[%emt 0:01:27]} 19. Qg5 {[%emt 0:04:11]} Bxe5 {[%emt 0:03:36]} 20. Nf6+ {[%emt 0:06:55]} Bxf6 {[%emt 0:00:20]} 21. Rxf6 {[%emt 0:00:23]} e5 {[%emt 0:00:12]} 22. Bc3 {[%emt 0:10:57]} Rb6 {[%emt 0:02:36]} 23. Rxb6 {[%emt 0:03:40]} Qxb6 {[%emt 0:00:11]} 24. Rd1 {[%emt 0:00:49]} f6 {[%emt 0:01:51]} 25. Qh6 {[%emt 0:00:41]} Rf7 {[%emt 0:00:43]} 26. Bxg6 {[%emt 0:01:24]} hxg6 {[%emt 0:00:15]} 27. Qxg6+ {[%emt 0:00:03]} Kf8 {[%emt 0:00:30]} 28. Bb4+ {[%emt 0:00:35]} Ke8 {[%emt 0:00:14]} 29. Rd6 {[%emt 0:01:50]} Qxd6 {[%emt 0:04:46]} 30. Bxd6 {[%emt 0:00:03]} Nf8 {[%emt 0:00:03]} 31. Qg8 {[%emt 0:01:37]} Bf5 {[%emt 0:00:02]} 32. Kg1 {[%emt 0:00:38]} Bh7 {[%emt 0:00:52]} 33. Qg4 {[%emt 0:01:15]} f5 {[%emt 0:01:53]} 34. Qh5 {[%emt 0:01:18]} e4 {[%emt 0:00:26]} 35. g3 {[%emt 0:00:37]} Nd7 {[%emt 0:00:18]} 36. Qd1 {[%emt 0:00:43]} Nb6 {[%emt 0:00:52]} 37. Qd4 {[%emt 0:00:24]} Nc4 {[%emt 0:00:02]} 38. Bf4 {[%emt 0:00:32]} Rd7 {[%emt 0:00:12]} 39. Qh8+ {[%emt 0:00:07]} 1-0

[Event "Al Mahmud Memorial Probashi Chess-ch 202"]
[Site "Dhaka"]
[Date "2022.02.13"]
[Round "9.7"]
[White "Noshin, Anjum"]
[Black "Mohammad Minhaz Uddin"]
[Result "1-0"]
[WhiteElo "2017"]
[BlackElo "2267"]
[Annotator "NA"]
[PlyCount "55"]
[EventDate "2022.02.06"]
[EventCountry "BAN"]
[SourceTitle "playchess.com"]
[Source "ChessBase"]
[SourceQuality "1"]
[TimeControl "5400+30"]

1. e4 {[%emt 0:07:05]} e5 {[%emt 0:00:02]} 2. Nf3 {[%emt 0:00:24]} Nf6 {[%emt 0:00:05]} 3. Nxe5 {[%emt 0:00:17]} d6 {[%emt 0:00:02]} 4. Nf3 {[%emt 0:00:08]} Nxe4 {[%emt 0:00:04]} 5. d4 {[%emt 0:00:06]} d5 {[%emt 0:00:05]} 6. Bd3 {[%emt 0:00:04]} Nc6 {[%emt 0:00:03]} 7. O-O {[%emt 0:00:06]} Be7 {[%emt 0:00:35]} 8. c4 {[%emt 0:00:07]} Nb4 {[%emt 0:00:18]} 9. Be2 {[%emt 0:00:18]} O-O {[%emt 0:00:35]} 10. Nc3 {[%emt 0:00:27]} Bf5 {[%emt 0:00:17]} 11. a3 {[%emt 0:00:32]} Nxc3 {[%emt 0:00:04]} 12. bxc3 {[%emt 0:00:06]} Nc6 $1 {[%emt 0:00:06]} 13. Re1 {[%emt 0:00:54]} Bf6 {[%emt 0:01:23]} 14. cxd5 {[%emt 0:02:04]} Qxd5 {[%emt 0:00:11]} 15. Bf4 {[%emt 0:00:06]} Rac8 {[%emt 0:01:35]} 16. Qc1 {[%emt 0:09:00]} Na5 {[%emt 0:04:37]} 17. c4 {[%emt 0:09:25]} Qd7 $11 {[%emt 0:01:52]} 18. Qc3 {[%emt 0:03:34]} Qa4 {[%emt 0:19:54]} 19. Bd1 {[%emt 0:04:35]} Qxc4 {[%emt 0:00:48]} 20. Qxa5 {[%emt 0:00:11]} Bd3 {[%emt 0:04:48]} 21. Rc1 {[%emt 0:00:32]} Qa2 {[%emt 0:00:04]} 22. Qd2 {[%emt 0:00:31]} Qxd2 {[%emt 0:00:22]} 23. Bxd2 {[%emt 0:00:04]} Rfd8 {[%emt 0:00:13]} 24. Bc2 {[%emt 0:02:51]} Bxc2 {[%emt 0:04:13]} 25. Rxc2 {[%emt 0:00:07]} c6 {[%emt 0:00:04]} 26. Be3 {[%emt 0:01:38]} Rd5 {[%emt 0:00:13]} 27. Rc5 {[%emt 0:02:45]} Rcd8 {[%emt 0:05:13]} 28. Rxd5 {[%emt 0:00:15]} 1-0

[Event "Al Mahmud Memorial Probashi Chess-ch 202"]
[Site "Dhaka"]
[Date "2022.02.13"]
[Round "9.8"]
[White "Subrota, Biswas"]
[Black "Tutul, Dhar"]
[Result "1-0"]
[WhiteElo "2202"]
[BlackElo "1985"]
[Annotator "NA"]
[PlyCount "77"]
[EventDate "2022.02.06"]
[EventCountry "BAN"]
[SourceTitle "playchess.com"]
[Source "ChessBase"]
[SourceQuality "1"]
[TimeControl "5400+30"]

1. e4 {[%emt 0:04:55]} c6 {[%emt 0:01:45]} 2. d4 {[%emt 0:02:11]} d5 {[%emt 0:00:26]} 3. e5 {[%emt 0:00:03]} Bf5 {[%emt 0:00:12]} 4. Nf3 {[%emt 0:00:19]} e6 {[%emt 0:00:49]} 5. Be2 {[%emt 0:02:44]} c5 {[%emt 0:05:09]} 6. Be3 {[%emt 0:00:48]} Ne7 {[%emt 0:02:18]} 7. dxc5 {[%emt 0:01:28]} Nec6 {[%emt 0:00:02]} 8. Nd4 {[%emt 0:01:48]} Nxd4 {[%emt 0:00:05]} 9. Bxd4 {[%emt 0:00:02]} Nc6 {[%emt 0:04:45]} 10. Bb5 {[%emt 0:00:20]} Qa5+ {[%emt 0:01:49]} 11. Nc3 {[%emt 0:00:02]} a6 {[%emt 0:00:01]} 12. Bxc6+ {[%emt 0:00:40]} bxc6 {[%emt 0:00:01]} 13. a3 {[%emt 0:08:01]} h5 {[%emt 0:33:33]} 14. b4 {[%emt 0:01:19]} Qc7 {[%emt 0:00:17]} 15. O-O {[%emt 0:00:08]} h4 {[%emt 0:00:13]} 16. f4 {[%emt 0:00:44]} Be7 {[%emt 0:00:38]} 17. Na4 {[%emt 0:01:20]} h3 {[%emt 0:01:50]} 18. g3 {[%emt 0:00:47]} g6 {[%emt 0:00:35]} 19. Qe2 {[%emt 0:00:41]} g5 {[%emt 0:01:25]} 20. Nb6 {[%emt 0:04:40]} Ra7 {[%emt 0:00:09]} 21. c4 {[%emt 0:02:19]} Be4 {[%emt 0:00:52]} 22. cxd5 {[%emt 0:00:43]} cxd5 {[%emt 0:00:54] [#]} 23. Nc4 $18 {[%emt 0:00:59]} Bg2 {[%emt 0:04:11]} 24. Nd6+ {[%emt 0:00:10]} Kf8 {[%emt 0:00:39]} 25. fxg5 {[%emt 0:01:22]} Bxg5 {[%emt 0:01:39]} 26. Be3 {[%emt 0:01:16]} Bxe3+ {[%emt 0:01:32]} 27. Qxe3 {[%emt 0:00:02]} Qc6 {[%emt 0:01:39]} 28. Rf2 {[%emt 0:00:53]} Rh5 {[%emt 0:05:48]} 29. Qf4 {[%emt 0:04:17]} Rh7 {[%emt 0:04:26]} 30. Qf6 {[%emt 0:04:10]} Rd7 {[%emt 0:00:41]} 31. Qxe6 {[%emt 0:00:35]} Re7 {[%emt 0:00:37]} 32. Qf5 {[%emt 0:00:22]} Rg7 {[%emt 0:01:47]} 33. e6 {[%emt 0:01:18]} Be4 {[%emt 0:00:10]} 34. Qf6 {[%emt 0:01:24]} d4 {[%emt 0:02:22]} 35. exf7 {[%emt 0:01:23]} Qa8 {[%emt 0:01:55]} 36. Re1 {[%emt 0:00:41]} d3 {[%emt 0:02:22]} 37. Rxe4 {[%emt 0:00:43]} Rexf7 {[%emt 0:00:11]} 38. Qe7+ {[%emt 0:01:12]} Kg8 {[%emt 0:00:08]} 39. Rxf7 {[%emt 0:00:04]} 1-0